000 00387nam a2200169Ia 4500
008 170705s9999 xx 000 0 und d
020 _a9780439757126
245 _aHow unusual! /
245 _cAudrey Carangelo.
260 _aNew York :
260 _bScholastic,
260 _c2006
300 _a16 pages :
300 _bcolor illustration ;
300 _c23cm.
500 _a260
999 _c335375
_d335375